| 000 | 00762nam a2200217 i 4500 | ||
|---|---|---|---|
| 001 | bg | ||
| 100 | 1 | _aRÓŻOWICZ, Antoni. | |
| 245 | 0 | 0 |
_aWpływ częstotliwości prądu zasilającego lampy fluorescencyjne na ich wybrane parametry eksploatacyjne / _cAntoni Różowicz. |
| 260 |
_aKielce : _bWydaw. PŚ, _c2004. |
||
| 300 |
_a107 s. : _bil. ; _c24 cm. |
||
| 490 | 1 |
_aMonografie, Studia, Rozprawy / Politechnika Świętokrzyska ; _v43 |
|
| 500 | _aStreszcz. ang. | ||
| 504 | _aBibliogr. | ||
| 650 | 9 |
_aLampy fluorescencyjne _xbadanie |
|
| 830 | 0 |
_aMonografie, Studia, Rozprawy (Politechnika Świętokrzyska) ; _v43 |
|
| 040 | _cBPK | ||
| 041 | 0 |
_apol _beng |
|
| 080 | _a621.32:621.9:535.3:537.5 | ||
| 942 | _cKS | ||
| 008 | s pl f |000 0 pol | ||
| 999 |
_c44981 _d44981 |
||
| 856 |
_uhttp://koha.tu.koszalin.pl/cgi-bin/koha/opac-detail.pl?biblionumber=44981 _yKatalog online BPK |
||